Power system analysis (Record no. 1347)

000 -LEADER
fixed length control field 00590nam a2200229 a 4500
001 - CONTROL NUMBER
control field 1347
003 - CONTROL NUMBER IDENTIFIER
control field BD-DhUET
008 - FIXED-LENGTH DATA ELEMENTS--GENERAL INFORMATION
fixed length control field 931008s1994 nyua 001 0 eng
020 ## - INTERNATIONAL STANDARD BOOK NUMBER
International Standard Book Number 0070585156
020 ## - INTERNATIONAL STANDARD BOOK NUMBER
International Standard Book Number 0071133380
040 ## - CATALOGING SOURCE
Original cataloging agency DLC
Transcribing agency DLC
Modifying agency BD-DhUET
082 00 - DEWEY DECIMAL CLASSIFICATION NUMBER
Classification number 623.19
Item number GRA/1994
100 1# - MAIN ENTRY--PERSONAL NAME
Personal name Grainger, John J.
245 10 - TITLE STATEMENT
Title Power system analysis
250 ## - EDITION STATEMENT
Edition statement 1st ed.
260 ## - PUBLICATION, DISTRIBUTION, ETC. (IMPRINT)
Place of publication, distribution, etc. New York
Name of publisher, distributor, etc. McGraw-Hill
Date of publication, distribution, etc. 1994
300 ## - PHYSICAL DESCRIPTION
Extent xix, 787 p.
Other physical details ill.
504 ## - BIBLIOGRAPHY, ETC. NOTE
Bibliography, etc Includes bibliographies
650 #0 - SUBJECT ADDED ENTRY--TOPICAL TERM
Topical term or geographic name as entry element Electric power systems-Management
700 1# - ADDED ENTRY--PERSONAL NAME
Personal name Stevenson, William D.
942 ## - ADDED ENTRY ELEMENTS (KOHA)
Koha item type General Book
Holdings
Piece designation (barcode) Koha normalized classification for sorting Source of classification or shelving scheme Withdrawn status Not for loan Date acquired Copy number Koha renewals Damaged status Koha date last seen Lost status Koha date last borrowed Price effective from Koha issues (times borrowed) Koha item type Sublocation or collection (holding branch) Koha full call number Location (home branch) Koha out on loan Shelving location
103960623_000000000000000_19GRA1994   2014-09-031  2024-06-01 2024-03-042014-09-035General BookCentral Library, BUET623.19/GRA/1994Central Library, BUET Circulation section
103961623_000000000000000_19GRA1994   2014-09-032  2020-01-14 2019-05-062014-09-031General BookCentral Library, BUET623.19/GRA/1994Central Library, BUET Circulation section
103962623_000000000000000_19GRA1994   2014-09-0331 2025-11-03 2025-07-132014-09-033General BookCentral Library, BUET623.19/GRA/1994Central Library, BUET Circulation section
103963623_000000000000000_19GRA1994   2014-09-034  2025-04-22 2019-10-212014-09-031General BookCentral Library, BUET623.19/GRA/1994Central Library, BUET Circulation section
103964623_000000000000000_19GRA1994   2014-09-035  2023-11-27 2023-11-272014-09-031General BookCentral Library, BUET623.19/GRA/1994Central Library, BUET2023-12-11Circulation section
103965623_000000000000000_19GRA1994   2014-09-036  2016-01-26  2014-09-03 General BookCentral Library, BUET623.19/GRA/1994Central Library, BUET Circulation section
103966623_000000000000000_19GRA1994   2014-09-0372 2021-12-13 2021-02-132014-09-031General BookCentral Library, BUET623.19/GRA/1994Central Library, BUET Circulation section
103967623_000000000000000_19GRA1994   2014-09-038  2022-02-06 2022-02-062014-09-032General BookCentral Library, BUET623.19/GRA/1994Central Library, BUET2023-02-06Circulation section
103968623_000000000000000_19GRA1994   2014-09-039  2025-05-03 2025-05-032014-09-035General BookCentral Library, BUET623.19/GRA/1994Central Library, BUET2025-05-17Circulation section
89529623_190000000000000_GRA_1994   2015-06-2110  2015-06-21  2015-06-21 Reading ItemCentral Library, BUET623.19/GRA/1994Central Library, BUET Reading section
91138623_190000000000000_GRA_1994   2015-06-2111  2015-06-21  2015-06-21 Reading ItemCentral Library, BUET623.19/GRA/1994Central Library, BUET Reading section
90777623_190000000000000_GRA_1994   2015-07-0212  2015-07-02  2015-07-02 Reading ItemCentral Library, BUET623.19/GRA/1994Central Library, BUET Reading section